Efectos de la crisis asiática en América Latina /
La crisis que irrumpió en países del Sudeste Asiático a mediados de 1997 fue la segunda cons efectos sistemáticos en el modelo de globalización financiera El autor revisa sus consecuencias en América Latina, en particular en Argentina y Brasil, y examina las perspectivas en función de los desequilib...
Tallennettuna:
| Päätekijä: | |
|---|---|
| Aineistotyyppi: | Teksti |
| Aiheet: | |
| Tagit: |
Lisää tagi
Ei tageja, Lisää ensimmäinen tagi!
|
MARC
| LEADER | 00000 a a2200000 04500 | ||
|---|---|---|---|
| 001 | 3489 | ||
| 003 | |||
| 040 | |||
| 100 | |a Guillén R, Arturo | ||
| 245 | |a Efectos de la crisis asiática en América Latina / |c Arturo Guillén R | ||
| 520 | |a La crisis que irrumpió en países del Sudeste Asiático a mediados de 1997 fue la segunda cons efectos sistemáticos en el modelo de globalización financiera El autor revisa sus consecuencias en América Latina, en particular en Argentina y Brasil, y examina las perspectivas en función de los desequilibrios que aún perduran. REV/SCM | ||
| 650 | |a RELACIONES INTERNACIONALES | ||
| 650 | |a GLOBALIZACION | ||
| 650 | |a INTERDEPENDENCIA ECONOMICA | ||
| 650 | |a CONDICIONES ECONOMICAS | ||
| 650 | |a CICLOS ECONOMICOS | ||
| 650 | |a CRISIS | ||
| 650 | |a CONSECUENCIAS ECONOMICAS | ||
| 773 | |g volumen 50, número 7; páginas 539-547 | ||
| 999 | |c 35428 |d 35428 | ||
